| 000 | 00717nam a2200181Ia 4500 | ||
|---|---|---|---|
| 003 | GCL | ||
| 008 | 140319s9999 xx 000 0 ara d | ||
| 040 |
_aGCL / _cGCL |
||
| 082 | 0 | 4 |
_a050 _bج ك |
| 100 | 1 | _aجمعية احياء التراث الاسلامى | |
| 245 | 1 | 0 |
_aالكشاف التحليلى لمجلة معهد المخطوطات العربية (القاهرة) (مايو 1955 مج 1 - نوفمبر 1980 مج 26) / _cجمعية احياء التراث الاسلامى |
| 300 | _a107 ص | ||
| 490 |
_aالهيئة العامة للاستعلامات _v0 |
||
| 650 | 0 | 4 | _aالكشافات |
| 650 | 0 | 4 | _aالمخطوطات - كشافات |
| 650 | 0 | 4 | _aالدوريات - كشافات |
| 942 |
_2ddc _cBK |
||
| 999 |
_c49184 _d49184 |
||